In vivo measurements of chlorophyll fluorescence for estimation of water deficit stress and high light tolerance in Hevea brasiliensis (Record no. 60966)

MARC details
000 -LEADER
fixed length control field 00548nam a2200145Ia 4500
100 ## - MAIN ENTRY--AUTHOR NAME
Personal name Nair D B
245 #0 - TITLE STATEMENT
Title In vivo measurements of chlorophyll fluorescence for estimation of water deficit stress and high light tolerance in Hevea brasiliensis
260 ## - PUBLICATION, DISTRIBUTION, ETC. (IMPRINT)
Name of publisher In: Stress Biology (Eds. Usha Chakraborty and Bishwanath Chakraborty) Narosa Publishing House, New Delhi, 2005. pp.52-56.
650 ## - SUBJECT ADDED ENTRY--TOPICAL TERM
Topical Term High light tolerance
650 ## - SUBJECT ADDED ENTRY--TOPICAL TERM
Topical Term Stress
700 ## - ADDED ENTRY--PERSONAL NAME
Personal name Alam B
700 ## - ADDED ENTRY--PERSONAL NAME
Personal name Jacob J
942 ## - ADDED ENTRY ELEMENTS (KOHA)
Koha item type Journals
Holdings
Withdrawn status Lost status Damaged status Not for loan Home library Current library Shelving location Date acquired Koha item type
      Journals RRII Library RRII Library Plant physiology 17/12/2021 Journals